| 000 | 00630nam a22001575i 4500 | ||
|---|---|---|---|
| 001 | 54843 | ||
| 003 | ES-MaACL | ||
| 007 | t| | ||
| 008 | 960726s1894 ag ||||1| spa d | ||
| 040 |
_aCAM _bspa _cCAM |
||
| 100 | 1 |
_aGallardo, Angel. _953477 |
|
| 245 | 1 | 0 |
_aProyecto de instalación para una fábrica de cal común _b: presentado a la Facultad de Ciencias Exactas, Físicas y Naturales de la Universidad de Buenos-Aires para optar al título de ingeniero civil / _cpor Angel Gallardo. |
| 260 |
_aBuenos Aires : _b[s.n.], _c1894 ( _fImprenta de Pablo E. Coni e hijos) |
||
| 300 |
_a124 p. ; _c25 cm. |
||
| 852 |
_aES-MaACL _jG-5282 |
||
| 999 |
_c54843 _d54843 |
||